Classement du Ballon d'or 1982 - Statistiques

Statistiques générales
  • Ce quiz a été pris 46 fois
  • Le résultat moyen est 7 sur 19
Statistiques - réponses
Classement Joueur Club du joueur Nationalité % Correct
9 Michel Platini AS Saint-Etienne / Juventus FC France
92%
2 Alain Giresse Girondins de Bordeaux France
76%
1 Paolo Rossi Juventus FC Italie
57%
4 Karl-Heinz Rummenigge Bayern Munich Allemagne
54%
8 Dino Zoff Juventus FC Italie
49%
19 Marius Trésor Girondins de Bordeaux France
46%
10 Bernd Schuster FC Barcelone Allemagne
43%
3 Zbigniew Boniek Widzew Lodz / Juventus FC Pologne
43%
13 Gaetano Scirea Juventus FC Italie
30%
18 Marco Tardelli Juventus FC Italie
30%
15 Paul Breitner Bayern Munich Allemagne
27%
5 Bruno Conti AS Rome Italie
24%
14 Eric Gerets Standard de Liège Belgique
24%
7 Pierre Littbarski FC Cologne Allemagne
24%
6 Rinat Dasaev Spartak Moscou Union Soviétique
24%
11 Giancarlo Antognoni ACF Fiorentina Italie
19%
12 Bruno Pezzey Eintracht Francfort Autriche
16%
16 Torbjörn Nilsson IFK Göteborg / FC Kaiserslautern Suède
0%
17 Walter Schachner Cesena FC Autriche
0%
Aucun quiz correspondant
Distribution des résultats
% des personnes avec chaque résultat
Percentile par nombre de réponses
Votre historique - résultats
Vous n’avez pas pris ce quiz